Countries of Europe in Order of Independence - Statistics

General Stats
  • This quiz has been taken 38 times
  • The average score is 25 of 45
Answer Stats
Hint Answer % Correct
301 San Marino
91%
843 France
82%
About 1000 Denmark
73%
976 Austria
64%
1861 Italy
64%
2008 Kosovo
64%
2006 Montenegro
64%
About 1500 Spain
64%
1707 UK
64%
1991 Belarus
59%
1917 Finland
59%
1871 Germany
59%
1991 Latvia
59%
1419 Monaco
59%
1579 Netherlands
59%
2006 Serbia
59%
1291 Switzerland
59%
1991 Ukraine
59%
1278 Andorra
55%
1992 Bosnia and Herzegovina
55%
1991 Croatia
55%
1001 Hungary
55%
1990 Lithuania
55%
1143 Portugal
55%
1991 Slovenia
55%
1523 Sweden
55%
1830 Belgium
50%
1878 Bulgaria
50%
1993 Czech Republic
50%
1918 Estonia
50%
1921 Ireland
50%
1839 Luxembourg
50%
1991 North Macedonia
50%
1905 Norway
50%
1918 Poland
50%
1991 Russia
50%
1993 Slovakia
50%
1929 Vatican City
50%
1829 Greece
45%
1991 Moldova
45%
1877 Romania
45%
1918 Iceland
41%
1964 Malta
41%
1912 Albania
36%
1719 Lichtenstein
5%
No matching quizzes found
Score Distribution
Percent of People with Each Score
Percentile by Number Answered
Your Score History
You have not taken this quiz